Жизнеописание двенадцати цезарей / (Record no. 469015)
[ view plain ]
| 000 -LEADER | |
|---|---|
| fixed length control field | 00851nam a2200229 a 4500 |
| 001 - CONTROL NUMBER | |
| control field | 000794713 |
| 003 - CONTROL NUMBER IDENTIFIER | |
| control field | AM-YeHGA |
| 005 - DATE AND TIME OF LATEST TRANSACTION | |
| control field | 20250617161312.0 |
| 008 - FIXED-LENGTH DATA ELEMENTS--GENERAL INFORMATION | |
| fixed length control field | 110311s1933 |||| |||||||||| | rus c |
| 040 ## - CATALOGING SOURCE | |
| Original cataloging agency | AM-YeHGA |
| 041 1# - LANGUAGE CODE | |
| Language code of text/sound track or separate title | rus |
| Language code of original | lat |
| 090 ## - LOCALLY ASSIGNED LC-TYPE CALL NUMBER (OCLC); LOCAL CALL NUMBER (RLIN) | |
| -- | 472259 |
| 100 1# - MAIN ENTRY--PERSONAL NAME | |
| Personal name | Светоний Транквилл, Гай |
| 245 10 - TITLE STATEMENT | |
| Title | Жизнеописание двенадцати цезарей / |
| Statement of responsibility, etc. | Гай Транквилл Светоний; Пер. с латин. и примеч. Д.П. Кончаловского. |
| 246 15 - VARYING FORM OF TITLE | |
| Title proper/short title | De Vita XII |
| 260 ## - PUBLICATION, DISTRIBUTION, ETC. | |
| Place of publication, distribution, etc. | Москва ; |
| -- | Ленинград : |
| Name of publisher, distributor, etc. | Academia, |
| Date of publication, distribution, etc. | 1933. |
| 300 ## - PHYSICAL DESCRIPTION | |
| Extent | 640 с. |
| 650 14 - SUBJECT ADDED ENTRY--TOPICAL TERM | |
| Topical term or geographic name entry element | Историческая литература |
| 650 14 - SUBJECT ADDED ENTRY--TOPICAL TERM | |
| Topical term or geographic name entry element | Римская империя |
| General subdivision | История |
| 700 1# - ADDED ENTRY--PERSONAL NAME | |
| Personal name | Кончаловский, Д. П. |
| Relator term | пер. |
| Relationship | trl |
| 942 ## - ADDED ENTRY ELEMENTS (KOHA) | |
| Source of classification or shelving scheme | Universal Decimal Classification |
| Koha item type | Գրքեր / Books |
| Withdrawn status | Lost status | Source of classification or shelving scheme | Damaged status | Not for loan | Collection | Home library | Current library | Date acquired | Total checkouts | Full call number | Barcode | Date last seen | Price effective from | Koha item type | Public note |
|---|---|---|---|---|---|---|---|---|---|---|---|---|---|---|---|
| Universal Decimal Classification | General | Fundamental Scientific Library | Fundamental Scientific Library | 06/04/2018 | РД I/6258 | FL0496020 | 06/04/2018 | 06/04/2018 | Գրքեր / Books | 30 Days Loan | |||||
| Universal Decimal Classification | General | Fundamental Scientific Library | Fundamental Scientific Library | 06/04/2018 | РД I/6257 | FL0496021 | 06/04/2018 | 06/04/2018 | Գրքեր / Books | 30 Days Loan |
ՀՀ Գիտությունների ազգային ակադեմիայի հիմնարար գիտական գրադարան = Fundamental Scientific Library of NAS RA
All site content, except where otherwise noted, is licensed under a